El Greco, identidad y transformación (Record no. 77810)

MARC details
000 -LEADER
campo de control de longitud fija 01149nam a2200265 i 4500
001 - NÚMERO DE CONTROL
campo de control 77810
003 - IDENTIFICADOR DE NÚMERO DE CONTROL
campo de control ES-MaACL
005 - FECHA Y HORA DE LA ÚLTIMA TRANSACCIÓN
campo de control 20250817190702.0
007 - CAMPO FIJO DE DESCRIPCIÓN FÍSICA--INFORMACIÓN GENERAL
campo de control de longitud fija t|
008 - DATOS DE LONGITUD FIJA--INFORMACIÓN GENERAL
campo de control de longitud fija 041110s1999 it ||||1| spa d
020 ## - NÚMERO INTERNACIONAL ESTÁNDAR DEL LIBRO
Número Internacional Estándar del Libro 88-8118-499-0
080 ## - NÚMERO DE LA CLASIFICACIÓN DECIMAL UNIVERSAL
Número de la Clasificación Decimal Universal 75 Greco (083.824)
245 03 - MENCIÓN DEL TÍTULO
Título El Greco, identidad y transformación
Resto del título : Creta, Italia, España : [exposición] /
Mención de responsabilidad, etc. edición a cargo de José Alvarez Lopera.
260 ## - PUBLICACIÓN, DISTRIBUCIÓN, ETC.
Lugar de publicación, distribución, etc. [Madrid] :
Nombre del editor, distribuidor, etc. Fundación Colección Thyssen-Bornemisza ;
Lugar de publicación, distribución, etc. Italia :
Nombre del editor, distribuidor, etc. Skira,
Fecha de publicación, distribución, etc. [1999]
300 ## - DESCRIPCIÓN FÍSICA
Extensión 455 p. :
Otras características físicas il. ;
Dimensiones 29 cm.
500 ## - NOTA GENERAL
Nota general Museo Thyssen-Bornemisza, Madrid, 3 de febrero-16 de mayo 1999 ; Palacio de Exposiciones, Roma, 2 de junio-19 de septiembre 1999 ; Pinacoteca Nacional-Museo Alexandros Soutzos, Atenas, 18 de octubre 1999-17 de enero 2000.
504 ## - NOTA DE BIBLIOGRAFÍA, ETC.
Nota de bibliografía, etc. Bibliografía: p. 435-455.
600 04 - PUNTO DE ACCESO ADICIONAL DE MATERIA--NOMBRE DE PERSONA
Nombre de persona El Greco-
Subdivisión de forma Exposiciones.
9 (RLIN) 46892
655 #7 - TERMINO DE INDIZACIÓN--GENERO/FORMA
Fuente del término tgfbne
9 (RLIN) 193628
Datos o término principal de género/forma Catálogos de exposiciones
700 1# - ENTRADA AGREGADA--NOMBRE PERSONAL
Nombre de persona Álvarez Lopera, José,
Fechas asociadas al nombre 1950-2008
9 (RLIN) 20857
710 2# - ENTRADA AGREGADA--NOMBRE DE ENTIDAD CORPORATIVA
Nombre de entidad corporativa o nombre de jurisdicción como elemento de entrada Museo Nacional Thyssen-Bornemisza
9 (RLIN) 5926
852 ## - LOCALIZACIÓN
Ubicación ES-MaACL
Número de control de estantería L-28411
Sublocalización o colección R.134521
942 ## - ELEMENTOS DE ENTRADA SECUNDARIOS (KOHA)
Fuente del sistema de clasificación o colocación Clasificación decimal universal
Holdings
Estatus retirado Estado de pérdida Estado de daño No para préstamo Biblioteca de origen Biblioteca actual Ubicación en estantería Fecha de adquisición Fuente de adquisición Total de préstamos Signatura topográfica completa Código de barras Visto por última vez Precio de reemplazo Tipo de ítem Koha
        Biblioteca del Ateneo de Madrid Biblioteca del Ateneo de Madrid Depósito 2 17/01/2008     L-28411 1081402 23/02/2023 23/02/2023 Libro impreso